Principios de la pintura china / (Record no. 136072)

MARC details
000 -LEADER
campo de control de longitud fija 00733nam a2200217 4500
001 - NÚMERO DE CONTROL
campo de control 136072
003 - IDENTIFICADOR DE NÚMERO DE CONTROL
campo de control ES-MaACL
005 - FECHA Y HORA DE LA ÚLTIMA TRANSACCIÓN
campo de control 20250808040856.0
007 - CAMPO FIJO DE DESCRIPCIÓN FÍSICA--INFORMACIÓN GENERAL
campo de control de longitud fija t|
008 - DATOS DE LONGITUD FIJA--INFORMACIÓN GENERAL
campo de control de longitud fija 070214s1981 sp r ||||1| spa d
100 1# - ENTRADA PRINCIPAL--NOMBRE DE PERSONA
Nombre de persona Rowley, George.
9 (RLIN) 100187
245 10 - MENCIÓN DEL TÍTULO
Título Principios de la pintura china /
Mención de responsabilidad, etc. George Rowley ; versión de Aurelio Martínez Benito ; translitaración de las voces chinas de Joaquín Pérez Arroyo.
260 ## - PUBLICACIÓN, DISTRIBUCIÓN, ETC.
Lugar de publicación, distribución, etc. Madrid :
Nombre del editor, distribuidor, etc. Alianza,
Fecha de publicación, distribución, etc. 1981.
300 ## - DESCRIPCIÓN FÍSICA
Extensión 169 p., 20 lám. ;
Dimensiones 23 cm.
490 1# - MENCIÓN DE SERIE
Mención de serie Alianza forma
700 1# - ENTRADA AGREGADA--NOMBRE PERSONAL
Nombre de persona Martínez Benito, Aurelio.
9 (RLIN) 77891
700 1# - ENTRADA AGREGADA--NOMBRE PERSONAL
Nombre de persona Pérez Arroyo, Joaquín.
9 (RLIN) 90647
830 00 - PUNTO DE ACCESO ADICIONAL DE SERIE-TÍTULO UNIFORME
Título uniforme Alianza forma
9 (RLIN) 177869
852 ## - LOCALIZACIÓN
Ubicación ES-MaACL
Número de control de estantería L-1813
Sublocalización o colección R.102811
Holdings
Estatus retirado Estado de pérdida Estado de daño No para préstamo Biblioteca de origen Biblioteca actual Ubicación en estantería Fecha de adquisición Fuente de adquisición Total de préstamos Signatura topográfica completa Código de barras Visto por última vez Precio de reemplazo Tipo de ítem Koha
        Biblioteca del Ateneo de Madrid Biblioteca del Ateneo de Madrid Depósito 2 17/01/2008     L-1813 1141619 23/02/2023 23/02/2023 Libro impreso